Straßenbahnlinie 46 (Wien) - Statistiken

Allgemein
  • Dieses Quiz wurde 8 mal gespielt
  • Das Durchschnittsergebnis liegt bei 9 aus 14
Antwortstatistiken
Station % Korrekt
Ottakring
100%
Brunnengasse
80%
Ring, Volkstheater
80%
Strozzigasse
80%
Thaliastraße
80%
Auerspergstraße
60%
Feßtgasse
60%
Joachimsthalerplatz
60%
Maroltingergasse
60%
Rankgasse
60%
Schottenfeldgasse
60%
Schuhmeierplatz
60%
Thaliastraße, Haberlgasse
60%
Schmerlingplatz, Volkstheater
40%
Keine übereinstimmenden Quizze gefunden
Verteilung der Resultate
Anzahl Personen mit jedem Resultat
Perzentil nach korrekt beantworteten Fragen
Ihre Resultats-Entwicklung
Sie haben dieses Quiz noch nicht gespielt